The IBIS: Journal of the British ornithologists' union: 008237 Vol.108 Issues 1-4 1966: - vol.113, 1971: - vol.132, 1990 (Record no. 599280)
[ view plain ]
| 000 -LEADER | |
|---|---|
| fixed length control field | 00622nam a2200145Ia 4500 |
| 008 - FIXED-LENGTH DATA ELEMENTS--GENERAL INFORMATION | |
| fixed length control field | 100415s9999 xx 000 0 und d |
| 082 ## - DEWEY DECIMAL CLASSIFICATION NUMBER | |
| Classification number | 598.2 |
| 082 ## - DEWEY DECIMAL CLASSIFICATION NUMBER | |
| Item number | 16382 |
| 245 ## - TITLE STATEMENT | |
| Title | The IBIS: Journal of the British ornithologists' union: 008237 Vol.108 Issues 1-4 1966: - vol.113, 1971: - vol.132, 1990 |
| 260 ## - PUBLICATION, DISTRIBUTION, ETC. (IMPRINT) | |
| Date of publication, distribution, etc | 0 |
| 365 ## - TRADE PRICE | |
| Price amount | 0 |
| 630 ## - SUBJECT ADDED ENTRY--UNIFORM TITLE | |
| Uniform title | The IBIS: Journal of the British ornithologists' union: 008237 Vol.108 Issues 1-4 1966: - vol.113, 1971: - vol.132, 1990 |
| 730 ## - ADDED ENTRY--UNIFORM TITLE | |
| Uniform title | The IBIS: Journal of the British ornithologists' union: 008237 Vol.108 Issues 1-4 1966: - vol.113, 1971: - vol.132, 1990 |
| 942 ## - ADDED ENTRY ELEMENTS (KOHA) | |
| Koha item type | Book |
| Withdrawn status | Lost status | Damaged status | Not for loan | Home library | Current library | Date acquired | Cost, normal purchase price | Total Checkouts | Full call number | Barcode | Date last seen | Price effective from | Koha item type |
|---|---|---|---|---|---|---|---|---|---|---|---|---|---|
| Bombay Natural History Society | Bombay Natural History Society | 07/16/1994 | 0.00 | 598.2 16382 | BNHS-16382 | 04/15/2010 | 04/15/2010 | Book |